000 00678nam a22002291a 4500
001 76112
003 BD-RjUL
005 20211209082808.0
008 710709s1968 enkak 000 0 eng
020 _a071211677X
035 _a(BD-RjUL)76333
040 _dBD-RjUL
_beng
_aBD-RjUL
_cBD-RjUL
041 _aeng
082 0 0 _223
_a658.56
_bBUP 1978
100 1 _aBurbidge, John L.
_9159371
245 1 4 _aThe principles of production control /
_c[by] John L. Burbidge.
250 _a4rth ed. ELBS edition of fourth edition
260 _aLondon :
_bMacdonald & Evans,
_c1978
300 _avi, 588 p. :
_bill. ;
_c23 cm.
650 0 _aProduction control.
_9154249
942 _2ddc
_cBK
999 _c76112
_d76112